[Event "Midland Ch Forrest Cup"]
[Site "Derby"]
[Date "1993.03.20"]
[Round "4"]
[White "Arkell, Keith C"]
[Black "Eames, Robert S"]
[Result "1-0"]
[WhiteElo "2488"]
[BlackElo "2128"]
[PlyCount "103"]
[EventDate "1993.03.19"]
[EventType "swiss"]
[EventRounds "6"]
[EventCountry "ENG"]
[SourceTitle "BritBase"]
[Source "John Saunders"]
[SourceDate "2022.11.28"]
[SourceVersion "1"]
[SourceVersionDate "2022.08.23"]
[SourceQuality "1"]

1. d4 Nf6 2. Nf3 e6 3. c4 b6 4. g3 Ba6 5. b3 d5 6. cxd5 exd5 7. Bg2 Bb4+ 8. Bd2
c5 9. Bxb4 cxb4 10. O-O Nbd7 11. a3 bxa3 12. Rxa3 Bb7 13. b4 O-O 14. b5 Re8 15.
Nc3 Qe7 16. Qa1 Ne4 17. e3 a5 18. bxa6 Nxc3 19. Qxc3 Rxa6 20. Rxa6 Bxa6 21. Ra1
Rc8 22. Qb2 Bd3 23. h3 g6 24. Ra7 Qd6 25. Ne5 Nxe5 26. dxe5 Qc5 27. Qd4 Qxd4
28. exd4 Rc1+ 29. Kh2 Bc4 30. Rd7 Rc2 31. Kg1 Rc1+ 32. Kh2 Rc2 33. g4 Rxf2 34.
Kg3 Rd2 35. Bxd5 Bxd5 36. Rxd5 b5 37. Rd8+ Kg7 38. d5 b4 39. d6 b3 40. Rb8 b2
41. g5 h5 42. Kf3 h4 43. Ke4 Kh7 44. Ke3 Rd5 45. Rxb2 Rxe5+ 46. Kd4 Re1 47. Rd2
Re8 48. d7 Rd8 49. Ke5 Kg7 50. Kd6 Kf8 51. Kc7 Ke7 52. Re2+ 1-0

[Event "Midland Ch Forrest Cup"]
[Site "Derby"]
[Date "1993.03.20"]
[Round "4"]
[White "Armstrong, Malcolm J"]
[Black "Neil, David R"]
[Result "1/2-1/2"]
[WhiteElo "2000"]
[BlackElo "2040"]
[PlyCount "50"]
[EventDate "1993.03.19"]
[EventType "swiss"]
[EventRounds "6"]
[EventCountry "ENG"]
[SourceTitle "BritBase"]
[Source "John Saunders"]
[SourceDate "2022.11.28"]
[SourceVersion "1"]
[SourceVersionDate "2022.08.23"]
[SourceQuality "1"]

1. e4 Nf6 2. e5 Nd5 3. d4 d6 4. c4 Nb6 5. exd6 cxd6 6. Nc3 g6 7. Bd3 Bg7 8.
Nge2 Nc6 9. Be3 O-O 10. a3 d5 11. c5 Nc4 12. Bxc4 dxc4 13. O-O Bf5 14. Re1 Re8
15. b3 Bd3 16. bxc4 Bxc4 17. Qa4 Ba6 18. Rad1 Qa5 19. Qb3 Rad8 20. a4 Bxe2 21.
Nxe2 Nxd4 22. Nxd4 Bxd4 23. Bxd4 Rxd4 24. Qxb7 Qxc5 25. g3 e6 1/2-1/2

[Event "Midland Ch Forrest Cup"]
[Site "Derby"]
[Date "1993.03.20"]
[Round "4"]
[White "Barnes, Michael H"]
[Black "Rutter, Nicholas J"]
[Result "1-0"]
[WhiteElo "2208"]
[BlackElo "2040"]
[PlyCount "65"]
[EventDate "1993.03.19"]
[EventType "swiss"]
[EventRounds "6"]
[EventCountry "ENG"]
[SourceTitle "BritBase"]
[Source "John Saunders"]
[SourceDate "2022.11.28"]
[SourceVersion "1"]
[SourceVersionDate "2022.08.23"]
[SourceQuality "1"]

1. d4 c5 2. d5 Nf6 3. Bg5 Ne4 4. Bf4 Qb6 5. Qc1 c4 6. e3 Qa5+ 7. Nc3 Nxc3 8.
Qd2 b5 9. Be5 e6 10. bxc3 d6 11. Bg3 e5 12. f4 f6 13. Be2 Nd7 14. Bf3 Nc5 15.
e4 Be7 16. Ne2 O-O 17. O-O Bd7 18. Kh1 Kh8 19. Bf2 Qc7 20. f5 Rg8 21. g4 g5 22.
Ng3 Be8 23. Kg2 Kg7 24. Rh1 Bf7 25. h4 h6 26. Rh3 Rh8 27. Rah1 Rac8 28. Be3 Qa5
29. hxg5 hxg5 30. Bxg5 Rxh3 31. Bh6+ Kg8 32. Rxh3 Bf8 33. Bxf8 1-0

[Event "Midland Ch Forrest Cup"]
[Site "Derby"]
[Date "1993.03.20"]
[Round "4"]
[White "Brown, Anthony J"]
[Black "Nixon, Rodney J"]
[Result "0-1"]
[WhiteElo "2032"]
[BlackElo "1856"]
[PlyCount "44"]
[EventDate "1993.03.19"]
[EventType "swiss"]
[EventRounds "6"]
[EventCountry "ENG"]
[SourceTitle "BritBase"]
[Source "John Saunders"]
[SourceDate "2022.11.28"]
[SourceVersion "1"]
[SourceVersionDate "2022.08.23"]
[SourceQuality "1"]

1. e4 e5 2. Bc4 Nf6 3. Qe2 Nc6 4. c3 d6 5. Nf3 Be7 6. Bb3 O-O 7. d3 a5 8. Nbd2
a4 9. Bc2 d5 10. h3 dxe4 11. dxe4 b6 12. Qb5 Bd7 13. Nxe5 Nb4 14. Nxd7 Nxc2+
15. Kd1 Nxa1 16. Nxf8 Kxf8 17. Ke2 Bc5 18. e5 Qe7 19. Nf3 Qe6 20. Rd1 Ne4 21.
Bd2 Nxf2 22. Rxa1 c6 0-1

[Event "Midland Ch Forrest Cup"]
[Site "Derby"]
[Date "1993.03.20"]
[Round "4"]
[White "Buckley, Graeme N"]
[Black "Alcock, Michael W"]
[Result "1-0"]
[WhiteElo "2288"]
[BlackElo "2120"]
[PlyCount "61"]
[EventDate "1993.03.19"]
[EventType "swiss"]
[EventRounds "6"]
[EventCountry "ENG"]
[SourceTitle "BritBase"]
[Source "John Saunders"]
[SourceDate "2022.11.28"]
[SourceVersion "1"]
[SourceVersionDate "2022.08.23"]
[SourceQuality "1"]

1. d4 e6 2. c4 Nf6 3. Nc3 Bb4 4. e3 b6 5. Bd3 Bb7 6. Nf3 O-O 7. O-O d5 8. cxd5
exd5 9. a3 Bd6 10. b4 Re8 11. Bb2 Nbd7 12. Rc1 c6 13. b5 c5 14. dxc5 bxc5 15.
Bb1 Qc7 16. Ba2 c4 17. Qd4 Nc5 18. Rfd1 Rad8 19. Qh4 Nce4 20. Bb1 Qe7 21. a4
Ba3 22. Bxa3 Qxa3 23. Bxe4 dxe4 24. Nd4 Re5 25. Qg3 Qc5 26. Nf5 Rxd1+ 27. Rxd1
Ne8 28. Nxg7 Rg5 29. Qb8 Kxg7 30. Qxb7 Nf6 31. Nxe4 1-0

[Event "Midland Ch Forrest Cup"]
[Site "Derby"]
[Date "1993.03.20"]
[Round "4"]
[White "Cooper, Lawrence"]
[Black "Flear, Glenn C"]
[Result "1/2-1/2"]
[WhiteElo "2240"]
[BlackElo "2504"]
[PlyCount "60"]
[EventDate "1993.03.19"]
[EventType "swiss"]
[EventRounds "6"]
[EventCountry "ENG"]
[SourceTitle "BritBase"]
[Source "John Saunders"]
[SourceDate "2022.11.28"]
[SourceVersion "1"]
[SourceVersionDate "2022.08.23"]
[SourceQuality "1"]

1. e4 e5 2. Nf3 Nc6 3. Bb5 a6 4. Ba4 Nf6 5. d3 d6 6. c3 g6 7. O-O Bg7 8. Re1
O-O 9. d4 exd4 10. cxd4 b5 11. Bb3 Bg4 12. Be3 Na5 13. h3 Nxb3 14. axb3 Bxf3
15. Qxf3 d5 16. e5 Ne4 17. Nd2 f5 18. exf6 Nxf6 19. Bg5 Qd6 20. Qd3 Rae8 21.
Bxf6 Bxf6 22. Nf3 Rxe1+ 23. Rxe1 Kg7 24. Qd2 Rf7 25. Rc1 Re7 26. Rc5 c6 27. Rc1
Rc7 28. Qe3 Re7 29. Qd2 Rc7 30. Qe3 Re7 1/2-1/2

[Event "Midland Ch Forrest Cup"]
[Site "Derby"]
[Date "1993.03.20"]
[Round "4"]
[White "Duncan, Christopher R"]
[Black "Grinsell, Lee A"]
[Result "1/2-1/2"]
[WhiteElo "2264"]
[BlackElo "2032"]
[PlyCount "84"]
[EventDate "1993.03.19"]
[EventType "swiss"]
[EventRounds "6"]
[EventCountry "ENG"]
[SourceTitle "BritBase"]
[Source "John Saunders"]
[SourceDate "2022.11.28"]
[SourceVersion "1"]
[SourceVersionDate "2022.08.23"]
[SourceQuality "1"]

1. e4 c5 2. Nc3 d6 3. g3 Nc6 4. Bg2 Nf6 5. f4 e6 6. Nf3 Be7 7. O-O O-O 8. h3 a6
9. a4 Qc7 10. g4 Rb8 11. d3 b5 12. axb5 axb5 13. f5 b4 14. Ne2 d5 15. g5 Nh5
16. exd5 exd5 17. Nh2 Bd6 18. Ng4 Ne5 19. Bxd5 Bb7 20. Ra7 Nxg4 21. Rxb7 Bh2+
22. Kh1 Rxb7 23. hxg4 Ng3+ 24. Nxg3 Bxg3 25. Bxb7 Qxb7+ 26. Qf3 Qc7 27. Kg2 Be5
28. Bf4 Bxf4 29. Qxf4 Qd7 30. Re1 b3 31. cxb3 Qxd3 32. Re3 Qd2+ 33. Qf2 Qd5+
34. Qf3 Qd2+ 35. Qe2 Qd5+ 36. Kg3 Qd6+ 37. Kh4 Qc6 38. Qf3 Qd6 39. Kh3 Qd7 40.
Qe2 Qd5 41. Kh2 Qd6+ 42. Kg1 Qf4 1/2-1/2

[Event "Midland Ch Forrest Cup"]
[Site "Derby"]
[Date "1993.03.20"]
[Round "4"]
[White "Gilmore, Simon N"]
[Black "Edgell, Benjamin P"]
[Result "1-0"]
[WhiteElo "2008"]
[BlackElo "1760"]
[PlyCount "59"]
[EventDate "1993.03.19"]
[EventType "swiss"]
[EventRounds "6"]
[EventCountry "ENG"]
[SourceTitle "BritBase"]
[Source "John Saunders"]
[SourceDate "2022.11.28"]
[SourceVersion "1"]
[SourceVersionDate "2022.08.23"]
[SourceQuality "1"]

1. e4 c5 2. c4 Nc6 3. Nf3 g6 4. d4 cxd4 5. Nxd4 Bg7 6. Be3 Nf6 7. Nc3 O-O 8.
Be2 d6 9. O-O Nxd4 10. Bxd4 e5 11. Be3 a6 12. f3 Be6 13. Qd2 Qc7 14. Rac1 Ne8
15. Nd5 Bxd5 16. cxd5 Qd7 17. Rc4 Nf6 18. Rfc1 Rfc8 19. Qc3 Rxc4 20. Qxc4 Kf8
21. a4 Ne8 22. a5 Bf6 23. Bd1 Bd8 24. Ba4 Qe7 25. Qb4 Rb8 26. Rc3 f5 27. Bb6
Nf6 28. Rc4 fxe4 29. fxe4 Qf7 $4 30. Qxd6+ 1-0

[Event "Midland Ch Forrest Cup"]
[Site "Derby"]
[Date "1993.03.20"]
[Round "4"]
[White "Hebden, Mark L"]
[Black "Ledger, Andrew J"]
[Result "0-1"]
[WhiteElo "2536"]
[BlackElo "2328"]
[PlyCount "106"]
[EventDate "1993.03.19"]
[EventType "swiss"]
[EventRounds "6"]
[EventCountry "ENG"]
[SourceTitle "BritBase"]
[Source "John Saunders"]
[SourceDate "2022.11.28"]
[SourceVersion "1"]
[SourceVersionDate "2022.08.23"]
[SourceQuality "1"]

1. e4 g6 2. d4 Bg7 3. Nc3 c6 4. Bc4 d6 5. Qf3 e6 6. Nge2 Nf6 7. Bg5 e5 8. dxe5
dxe5 9. O-O O-O 10. a4 a5 11. Nc1 Qe7 12. Nd3 Na6 13. Qg3 Re8 14. f4 Nh5 15.
Qh4 Qd7 16. Bxa6 h6 17. f5 hxg5 18. Qxg5 Rxa6 19. fxg6 fxg6 20. Qxg6 Nf4 21.
Nxf4 exf4 22. Rxf4 c5 23. Qg3 Qd4+ 24. Kh1 Be6 25. e5 Qxe5 26. Re1 Qh5 27. h3
Bf7 28. Ref1 Rg6 29. Qf2 Bd5 30. Nxd5 Qxd5 31. c3 b6 32. Rf3 Qd6 33. Qc2 Rf8
34. Rxf8+ Bxf8 35. Qf5 Bg7 36. Qf7+ Kh7 37. Qf5 Qe6 38. g4 Qxf5 39. Rxf5 Rd6
40. Kg2 Rd2+ 41. Rf2 Rd1 42. h4 Ra1 43. Re2 Rxa4 44. Kf3 Ra2 45. h5 a4 46. g5
a3 47. bxa3 Rxe2 48. Kxe2 Bxc3 49. Kd3 Bb2 50. a4 Bc1 51. g6+ Kh6 52. Kc4 Be3
53. Kb5 Bd4 0-1

[Event "Midland Ch Forrest Cup"]
[Site "Derby"]
[Date "1993.03.20"]
[Round "4"]
[White "Ledger, Stephen C"]
[Black "Burke, Steven J"]
[Result "1-0"]
[WhiteElo "2088"]
[BlackElo "1976"]
[PlyCount "39"]
[EventDate "1993.03.19"]
[EventType "swiss"]
[EventRounds "6"]
[EventCountry "ENG"]
[SourceTitle "BritBase"]
[Source "John Saunders"]
[SourceDate "2022.11.28"]
[SourceVersion "1"]
[SourceVersionDate "2022.08.23"]
[SourceQuality "1"]

1. f4 e5 2. fxe5 Nc6 3. Nf3 g5 4. d4 g4 5. Ng5 d6 6. exd6 Qxd6 7. c3 f5 8. e4
h6 9. d5 Ne5 10. Ne6 Bxe6 11. dxe6 Qxe6 12. Bf4 Nf6 13. Qa4+ c6 14. Nd2 fxe4
15. Bxe5 Qxe5 16. O-O-O b5 17. Qa6 Qe6 18. Bxb5 Rc8 19. Bc4 Nd5 20. Bxd5 1-0

[Event "Midland Ch Forrest Cup"]
[Site "Derby"]
[Date "1993.03.20"]
[Round "4"]
[White "McSheehy, Nigel AP"]
[Black "Tatlow, Stephen"]
[Result "1-0"]
[WhiteElo "1880"]
[BlackElo "2072"]
[PlyCount "95"]
[EventDate "1993.03.19"]
[EventType "swiss"]
[EventRounds "6"]
[EventCountry "ENG"]
[SourceTitle "BritBase"]
[Source "John Saunders"]
[SourceDate "2022.11.28"]
[SourceVersion "1"]
[SourceVersionDate "2022.08.23"]
[SourceQuality "1"]

1. d4 d5 2. c4 c6 3. cxd5 cxd5 4. Nc3 Nf6 5. Nf3 Nc6 6. Bf4 Bf5 7. e3 e6 8. Ne5
Qb6 9. Bb5 Be7 10. O-O O-O 11. Bxc6 bxc6 12. g4 Bg6 13. g5 Nh5 14. Nd7 Qxb2 15.
Na4 Qa3 16. Nxf8 Kxf8 17. Qb3 Nxf4 18. exf4 Bd3 19. Rfd1 Bc4 20. Qxa3 Bxa3 21.
Nc5 Ke8 22. Rdb1 a5 23. Rb7 Bb4 24. a3 Bc3 25. Rd1 Be2 26. Rc1 Bxd4 27. Nb3 Ba6
28. Rc7 Bb2 29. R1xc6 Bxa3 30. Nxa5 Bb5 31. Rb6 Be2 32. Nb3 Bh5 33. Nc5 Bf3 34.
h4 Bxc5 35. Rxc5 Rd8 36. Rb3 Bh5 37. Rc7 Bg6 38. Rbb7 h5 39. f5 exf5 40. f4 Kf8
41. Kf2 Re8 42. Rd7 d4 43. Rxd4 Bh7 44. Rdd7 Bg8 45. Ra7 Re4 46. Rd8+ Re8 47.
Rxe8+ Kxe8 48. Ra8+ 1-0

[Event "Midland Ch Forrest Cup"]
[Site "Derby"]
[Date "1993.03.20"]
[Round "4"]
[White "Sagall, Roy"]
[Black "Ledger, Dave J"]
[Result "0-1"]
[WhiteElo "2040"]
[BlackElo "2168"]
[PlyCount "102"]
[EventDate "1993.03.19"]
[EventType "swiss"]
[EventRounds "6"]
[EventCountry "ENG"]
[SourceTitle "BritBase"]
[Source "John Saunders"]
[SourceDate "2022.11.28"]
[SourceVersion "1"]
[SourceVersionDate "2022.08.23"]
[SourceQuality "1"]

1. d4 Nf6 2. c4 g6 3. Nf3 Bg7 4. g3 d6 5. Bg2 O-O 6. O-O c6 7. Nc3 Qa5 8. h3
Be6 9. d5 cxd5 10. Nd4 dxc4 11. Nxe6 fxe6 12. Bxb7 Nbd7 13. Bxa8 Rxa8 14. Qc2
Qf5 15. Qxf5 gxf5 16. Rd1 Nb6 17. Bd2 d5 18. f4 d4 19. Nb5 Ne4 20. Nc7 Rc8 21.
Nxe6 c3 22. bxc3 dxc3 23. Nxg7 Kxg7 24. Be3 Nxg3 25. Kf2 Ne4+ 26. Kf3 Kf6 27.
Rac1 Ke6 28. Rd3 Nd5 29. a3 Rg8 30. Bf2 a6 31. Rc2 Rb8 32. Be3 Rb3 33. Bc1 Kd6
34. Rd4 Kc5 35. e3 e6 36. Rd1 Rb7 37. Rd4 Rg7 38. Rg2 Rxg2 39. Kxg2 Nxf4+ 40.
Kf3 Nd5 41. h4 Nd6 42. Ra4 Kb5 43. Rd4 a5 44. Ke2 Kc5 45. Kf3 e5 46. Rd1 Kc4
47. h5 Ne4 48. h6 c2 49. Rg1 Nec3 50. Rg7 e4+ 51. Kf2 Na2 0-1

[Event "Midland Ch Forrest Cup"]
[Site "Derby"]
[Date "1993.03.21"]
[Round "5"]
[White "Alcock, Michael W"]
[Black "Grinsell, Lee A"]
[Result "1/2-1/2"]
[WhiteElo "2120"]
[BlackElo "2032"]
[PlyCount "96"]
[EventDate "1993.03.19"]
[EventType "swiss"]
[EventRounds "6"]
[EventCountry "ENG"]
[SourceTitle "BritBase"]
[Source "John Saunders"]
[SourceDate "2022.11.28"]
[SourceVersion "1"]
[SourceVersionDate "2022.08.23"]
[SourceQuality "1"]

1. e4 c5 2. Nf3 e6 3. d4 cxd4 4. Nxd4 Nf6 5. Nc3 d6 6. f4 Nc6 7. Be3 Be7 8. Qf3
O-O 9. Bd3 e5 10. Nxc6 bxc6 11. fxe5 dxe5 12. O-O Qa5 13. a3 Bc5 14. Kh1 Bg4
15. Qg3 Bxe3 16. Qxe3 Bh5 17. Qg5 Bg6 18. Rae1 Rab8 19. Nd1 Qc7 20. Rf3 Nh5 21.
Bc4 Nf4 22. Nf2 Rxb2 23. Bb3 c5 24. g3 c4 25. gxf4 cxb3 26. cxb3 exf4 27. b4
Qc2 28. Qxf4 Rb1 29. Rfe3 Rxe1+ 30. Rxe1 Qc3 31. Qe3 Qc7 32. Rc1 Qe7 33. Qf4 h6
34. Rc7 Qd8 35. Rxa7 Qd4 36. Rb7 Rc8 37. Rb8 Rxb8 38. Qxb8+ Kh7 39. Qf4 Qa1+
40. Kg2 Qxa3 41. e5 Qa8+ 42. Kg3 Qd5 43. h4 Qb3+ 44. Kh2 Qb2 45. Kg2 Qe2 46.
Kh2 Qf1 47. Nh3 Qe2+ 48. Nf2 Qf1 1/2-1/2

[Event "Midland Ch Forrest Cup"]
[Site "Derby"]
[Date "1993.03.21"]
[Round "5"]
[White "Barnes, Michael H"]
[Black "Arkell, Keith C"]
[Result "0-1"]
[WhiteElo "2208"]
[BlackElo "2488"]
[PlyCount "88"]
[EventDate "1993.03.19"]
[EventType "swiss"]
[EventRounds "6"]
[EventCountry "ENG"]
[SourceTitle "BritBase"]
[Source "John Saunders"]
[SourceDate "2022.11.28"]
[SourceVersion "1"]
[SourceVersionDate "2022.08.23"]
[SourceQuality "1"]

1. d4 Nf6 2. Nf3 e6 3. Bg5 c5 4. e3 cxd4 5. exd4 Be7 6. Nbd2 b6 7. c3 Bb7 8.
Bd3 d6 9. O-O Nbd7 10. Qe2 O-O 11. a4 a6 12. h3 Re8 13. Rfe1 h6 14. Bf4 Nd5 15.
Bh2 N7f6 16. Nc4 Bf8 17. Nfd2 g6 18. Qd1 b5 19. axb5 axb5 20. Ne3 Rxa1 21. Qxa1
Qd7 22. Qd1 Bc6 23. Qb3 Ra8 24. Nxd5 Nxd5 25. Bg3 Nf6 26. Kh2 Nh5 27. f3 Nxg3
28. Kxg3 d5 29. Kf2 b4 30. Qc2 Kg7 31. f4 Ra2 32. Nf3 Ba4 33. Qb1 Bb3 34. Kg1
Qc7 35. Qc1 bxc3 36. bxc3 Ba3 37. Qe3 Bc2 38. Ne5 Bxd3 39. Qxd3 Bb2 40. Re2
Ra1+ 41. Kh2 Qxc3 42. Qb5 Bc1 43. g3 Ra3 44. Rg2 Bxf4 0-1

[Event "Midland Ch Forrest Cup"]
[Site "Derby"]
[Date "1993.03.21"]
[Round "5"]
[White "Cammack, George E"]
[Black "Brown, Anthony J"]
[Result "0-1"]
[WhiteElo "1360"]
[BlackElo "2032"]
[PlyCount "88"]
[EventDate "1993.03.19"]
[EventType "swiss"]
[EventRounds "6"]
[EventCountry "ENG"]
[SourceTitle "BritBase"]
[Source "John Saunders"]
[SourceDate "2022.11.28"]
[SourceVersion "1"]
[SourceVersionDate "2022.08.23"]
[SourceQuality "1"]

1. d4 d5 2. e3 Nf6 3. Bd3 Nc6 4. f4 Nb4 5. Nf3 Nxd3+ 6. Qxd3 Ne4 7. Nbd2 f5 8.
O-O e6 9. Ne5 a6 10. c3 Bd7 11. b3 Bd6 12. Ndf3 c5 13. c4 cxd4 14. exd4 O-O 15.
c5 Bxe5 16. fxe5 Bb5 17. Qd1 Bxf1 18. Qxf1 Qa5 19. Qd3 h6 20. Bb2 g5 21. a4 Qd8
22. g3 Rc8 23. Kg2 Rc7 24. Rc1 h5 25. b4 h4 26. b5 axb5 27. axb5 Rh7 28. Ba3
Rff7 29. c6 bxc6 30. Rxc6 hxg3 31. Qc2 gxh2 32. Nxh2 Qa5 33. Ra6 Rxh2+ 34. Kxh2
Qe1 35. Ra8+ Kg7 36. Qg2 f4 37. Qh3 Qd2+ 38. Qg2 Qxg2+ 39. Kxg2 f3+ 40. Kf1 f2
41. Rf8 Ng3+ 42. Kg2 f1=Q+ 43. Kxg3 Rxf8 44. Bxf8+ Kxf8 0-1

[Event "Midland Ch Forrest Cup"]
[Site "Derby"]
[Date "1993.03.21"]
[Round "5"]
[White "Eames, Robert S"]
[Black "Molyneux, John"]
[Result "0-1"]
[WhiteElo "2128"]
[BlackElo "2072"]
[PlyCount "80"]
[EventDate "1993.03.19"]
[EventType "swiss"]
[EventRounds "6"]
[EventCountry "ENG"]
[SourceTitle "BritBase"]
[Source "John Saunders"]
[SourceDate "2022.11.28"]
[SourceVersion "1"]
[SourceVersionDate "2022.08.23"]
[SourceQuality "1"]

1. e4 c5 2. Nf3 Nc6 3. d4 cxd4 4. Nxd4 Nf6 5. Nc3 d6 6. Bg5 Bd7 7. Qd2 Rc8 8.
O-O-O Nxd4 9. Qxd4 Qa5 10. f4 h6 11. Bh4 g5 12. e5 gxh4 13. exf6 e6 14. Kb1 Bc6
15. Bc4 Rg8 16. f5 e5 17. Rhe1 Rxg2 18. Nb5 Bxb5 19. Rxe5+ $18 Kd8 20. Rxb5 Qc7
21. b3 b6 22. a4 Qd7 23. Re5 Qc6 24. a5 Kc7 25. Rb5 Rxh2 26. Kb2 Rb8 27. Ra1 d5
28. axb6+ axb6 29. Ra7+ Rb7 30. Rxb7+ Qxb7 31. Rxd5 Qc6 32. Qf4+ (32. Qe5+ Bd6
33. Rxd6 $1 Qxd6 34. Qe7+ Qxe7 35. fxe7 Kd7 36. f6 $18) 32... Bd6 33. Qxh6 $2 (
33. Qd4 $18) 33... Qe8 34. b4 $2 Qe4 $19 35. Bb3 Qxb4 36. Qg7 Qa3+ 37. Kc3 Qa1+
{(The bulletin gives 37...Qa5+ which obviously loses)} 38. Kc4 Qa6+ 39. Kc3
Rh3+ 40. Rd3 Qa5+ 0-1

[Event "Midland Ch Forrest Cup"]
[Site "Derby"]
[Date "1993.03.21"]
[Round "5"]
[White "Edgell, Benjamin P"]
[Black "Archer-Lock, Christopher J"]
[Result "0-1"]
[WhiteElo "1760"]
[BlackElo "2000"]
[PlyCount "84"]
[EventDate "1993.03.19"]
[EventType "swiss"]
[EventRounds "6"]
[EventCountry "ENG"]
[SourceTitle "BritBase"]
[Source "John Saunders"]
[SourceDate "2022.11.28"]
[SourceVersion "1"]
[SourceVersionDate "2022.08.23"]
[SourceQuality "1"]

1. Nf3 e6 2. e4 d5 3. exd5 exd5 4. d4 Bd6 5. Bd3 Nf6 6. O-O O-O 7. Bg5 Bg4 8.
Re1 Nbd7 9. Nbd2 c6 10. c4 Qc7 11. h3 Bh5 12. c5 Bh2+ 13. Kh1 Bf4 14. Bxf4 Qxf4
15. Qb3 b5 16. Re7 Rfe8 17. Rae1 Rxe7 18. Rxe7 Re8 19. Rxe8+ Nxe8 20. Qd1 Nef6
21. b4 Ne4 22. Qe1 Bg6 23. Bf1 f6 24. Kg1 Nf8 25. Qe3 Qc7 26. Nb3 Qc8 27. Na5
Ne6 28. Nd2 Nxd2 29. Qxd2 Kf7 30. Be2 Nd8 31. Qf4 Bf5 32. Bd1 Qe6 33. Kf1 Bd3+
34. Kg1 Qe1+ 35. Kh2 Qxd1 36. Qc7+ Ke8 37. Nxc6 Nxc6 38. Qxc6+ Kf7 39. Qxd5+
Kg6 40. g4 h6 41. c6 Qe2 42. Kg3 Be4 0-1

[Event "Midland Ch Forrest Cup"]
[Site "Derby"]
[Date "1993.03.21"]
[Round "5"]
[White "Edwards, Simon R"]
[Black "Kitson, Peter R"]
[Result "1/2-1/2"]
[WhiteElo "1728"]
[BlackElo "2016"]
[PlyCount "111"]
[EventDate "1993.03.19"]
[EventType "swiss"]
[EventRounds "6"]
[EventCountry "ENG"]
[SourceTitle "BritBase"]
[Source "John Saunders"]
[SourceDate "2022.11.28"]
[SourceVersion "1"]
[SourceVersionDate "2022.08.23"]
[SourceQuality "1"]

1. e4 e5 2. Nf3 Nc6 3. Bc4 Nf6 4. Ng5 d5 5. exd5 Na5 6. Bb5+ Bd7 7. Qe2 Bd6 8.
d4 O-O 9. dxe5 Bxe5 10. O-O Re8 11. Qd3 Bxb5 12. Qxb5 Qxd5 13. Qxd5 Nxd5 14.
Nf3 Bf6 15. c3 Nc4 16. Nbd2 Nd6 17. Nb3 Ne4 18. Nbd4 c6 19. Rb1 h6 20. Nf5 Rad8
21. Be3 Nxe3 22. Nxe3 Nd2 23. Nxd2 Rxd2 24. Rfd1 Red8 25. Kf1 Kf8 26. Ke1 R2d7
27. Rxd7 Rxd7 28. Rd1 Ke7 29. Rxd7+ Kxd7 30. Ng4 Bg5 31. Ne5+ Ke6 32. Nf3 Bc1
33. b3 Kd5 34. Ke2 Ke4 35. Nd2+ Bxd2 36. f3+ Ke5 37. Kxd2 f5 38. g3 g5 39. Kd3
b5 40. a3 a5 41. a4 bxa4 42. bxa4 Kd5 43. h3 h5 44. g4 fxg4 45. fxg4 h4 46. Ke3
Kc4 47. Ke4 Kxc3 48. Kf5 c5 49. Kxg5 c4 50. Kxh4 Kb4 51. g5 c3 52. g6 c2 53. g7
c1=Q 54. g8=Q Qh6+ 55. Kg4 Kxa4 56. Qc4+ 1/2-1/2

[Event "Midland Ch Forrest Cup"]
[Site "Derby"]
[Date "1993.03.21"]
[Round "5"]
[White "Flear, Glenn C"]
[Black "Hebden, Mark L"]
[Result "1/2-1/2"]
[WhiteElo "2504"]
[BlackElo "2536"]
[PlyCount "92"]
[EventDate "1993.03.19"]
[EventType "swiss"]
[EventRounds "6"]
[EventCountry "ENG"]
[SourceTitle "BritBase"]
[Source "John Saunders"]
[SourceDate "2022.11.28"]
[SourceVersion "1"]
[SourceVersionDate "2022.08.23"]
[SourceQuality "1"]

1. d4 Nf6 2. c4 g6 3. Nc3 Bg7 4. e4 d6 5. Nf3 O-O 6. Be2 e5 7. O-O Nc6 8. d5
Ne7 9. b4 Kh8 10. c5 Neg8 11. a4 Nh5 12. g3 f5 13. Ng5 Nf4 14. gxf4 exf4 15.
Bxf4 Bxc3 16. cxd6 cxd6 17. Ra3 fxe4 18. Rxc3 Rxf4 19. Qd4+ Qf6 20. Rc7 Rh4 21.
Nf7+ Kg7 22. Nxd6+ Kh6 23. Qxf6 Nxf6 24. Rxc8 Rxc8 25. Nxc8 Nxd5 26. Bc4 Nxb4
27. Nd6 Nc2 28. Rc1 Nd4 29. Nxb7 Nf3+ 30. Kf1 e3 31. Ke2 Ne5 32. Bb5 exf2 33.
Kxf2 a6 34. Bxa6 Rxa4 35. Be2 Kg5 36. Nc5 Ra2 37. Rg1+ Kf5 38. Rg3 h5 39. h3 g5
40. Nd3 g4 41. Nxe5 Kxe5 42. h4 Kf4 43. Re3 g3+ 44. Rxg3 Rxe2+ 45. Kxe2 Kxg3
46. Kf1 Kxh4 1/2-1/2

[Event "Midland Ch Forrest Cup"]
[Site "Derby"]
[Date "1993.03.21"]
[Round "5"]
[White "Ledger, Andrew J"]
[Black "Cooper, Lawrence"]
[Result "1-0"]
[WhiteElo "2328"]
[BlackElo "2240"]
[PlyCount "80"]
[EventDate "1993.03.19"]
[EventType "swiss"]
[EventRounds "6"]
[EventCountry "ENG"]
[SourceTitle "BritBase"]
[Source "John Saunders"]
[SourceDate "2022.11.28"]
[SourceVersion "1"]
[SourceVersionDate "2022.08.23"]
[SourceQuality "1"]

1. c4 c5 2. Nc3 Nc6 3. g3 g6 4. Bg2 Bg7 5. Nf3 Nh6 6. O-O O-O 7. d3 d6 8. Bd2
Bd7 9. Rb1 Nf5 10. e3 a6 11. a3 a5 12. Nb5 Na7 13. Nxa7 Rxa7 14. Bc3 b5 15.
Bxg7 Nxg7 16. d4 bxc4 17. dxc5 Bf5 18. Rc1 dxc5 19. Ne5 Qc7 20. Nxc4 Rd8 21.
Qa4 Bd7 22. Qc2 Nf5 23. Rfd1 Rb8 24. Rd2 Bb5 25. Qc3 f6 26. Be4 Nh6 27. Qc2 Kg7
28. Rcd1 Nf7 29. Bg2 a4 30. Qc3 Bc6 31. e4 Rb3 32. Qc2 Ne5 33. Nxe5 Qxe5 34. f4
Qe6 35. Qxc5 Rab7 36. f5 Qc8 37. e5 Rc7 38. Bxc6 Rxc6 39. Qxe7+ Kh6 40. Rd7 Rc1
1-0

[Event "Midland Ch Forrest Cup"]
[Site "Derby"]
[Date "1993.03.21"]
[Round "5"]
[White "Ledger, Dave J"]
[Black "Buckley, Graeme N"]
[Result "1-0"]
[WhiteElo "2168"]
[BlackElo "2288"]
[PlyCount "115"]
[EventDate "1993.03.19"]
[EventType "swiss"]
[EventRounds "6"]
[EventCountry "ENG"]
[SourceTitle "BritBase"]
[Source "John Saunders"]
[SourceDate "2022.11.28"]
[SourceVersion "1"]
[SourceVersionDate "2022.08.23"]
[SourceQuality "1"]

1. Nf3 Nf6 2. g3 g6 3. Bg2 Bg7 4. O-O O-O 5. d3 d5 6. c3 a5 7. a4 Nc6 8. Nbd2
e5 9. e4 dxe4 10. dxe4 h6 11. Qc2 Be6 12. b3 Qb8 13. Ba3 Rd8 14. Rfe1 Bf8 15.
Bxf8 Kxf8 16. Bf1 Qa7 17. Nc4 Qc5 18. Rad1 Kg7 19. Kg2 Rd7 20. Rxd7 Nxd7 21.
Ne3 Nb6 22. Nd2 Ne7 23. Ndc4 Nxc4 24. Bxc4 Bxc4 25. Nxc4 b5 26. Nxa5 Qa3 27. b4
c5 28. Nb3 c4 29. Na5 Qxa4 30. Qb2 Rxa5 31. bxa5 Qxa5 32. Rb1 g5 33. Ra1 Qb6
34. Qd2 Qg6 35. Qe3 g4 36. Ra5 Qc6 37. f3 gxf3+ 38. Qxf3 Ng8 39. Qf5 Qc5 40.
Ra8 Ne7 41. Qg4+ Ng6 42. h4 h5 43. Qxh5 Qc6 44. Ra7 Qxe4+ 45. Qf3 Qc2+ 46. Kh3
Nh8 47. Ra6 f5 48. Qh5 Qf2 49. Qh6+ Kg8 50. Ra8+ Kf7 51. Rf8+ Ke7 52. Qf6+ Kd7
53. Rd8+ Kc7 54. Qd6+ Kb7 55. Rb8+ Ka7 56. Qc7+ Ka6 57. Qb7+ Ka5 58. Ra8+ 1-0